000
00222nam a22001097a 4500
020
_a
978-81-7028-988-3
082
_a
494
_b
WIL/G
245
_a
GANESH
260
_a
NEW DELHI
_b
WILCO
650
_a
STORY
_z
NEW DELHI
942
_c
BK
999
_c
6976
_d
6976